000
00306nam a2200145Ia 4500
100
_a
D.G.E.T
650
_a
Carpentery
942
_c
BK
654
_a
guide Turner 1st year
245
_a
Instructors Guide Turner 1st Year
260
_b
CIMI
_a
Madras
300
_a
104
546
_a
ENGLISH
999
_c
29758
_d
29758